Letting go

Sábháilte in:
Sonraí bibleagrafaíochta
Príomhchruthaitheoir: Roth, Philip (Údar)
Formáid: LEABHAR
Teanga:Béarla
Foilsithe / Cruthaithe: Nueva York Bantam Books 1963
Ábhair:
Clibeanna: Cuir clib leis
Níl clibeanna ann, Bí ar an gcéad duine le clib a chur leis an taifead seo!

MARC

LEADER 00000nam a2200000 a 4500
001 UCQ4787
003 CL-VaPUC
008 980910e19630000US |||||||||||||||||eng|d
082 0 4 |a 813  |b ROT  |2 21 
100 0 |a Roth, Philip  |e author  |9 418970 
245 1 0 |a Letting go 
300 |a 628 p 
942 |c BK 
945 |d 19980910 00:00:00  |a crobeson 
260 |a Nueva York  |b Bantam Books  |c 1963 
650 0 |a Novelas estadounidenses  |9 265217 
650 0 |a Literatura estadounidense  |9 317168 
583 |a last modification  |c 19980910 00:00:00  |k Rodrigo Vera 
999 |c 275089  |d 275087 
952 |0 0  |1 0  |4 0  |6 813_000000000000000_ROT_1963  |7 0  |8 A  |9 311632  |a BIBEDU  |b BIBEDU  |d 2019-11-20  |i 1465511  |o 813 ROT 1963  |p 1465511  |r 2019-11-20  |w 2019-11-20  |y BK  |k LIT